000 00497nam a2200181 a 4500
005 20140412111227.0
008 000823s19uu xx 00 eng d
020 _a0-590-05744-8
050 _aTR(PS E
_bHa11
100 _aGackenbach, Dick
245 _aHarry and the terrible whatzit /
_cby Dick Gackenbach.
260 _aNew York :
_bScholastic Inc,
_c1977.
300 _a1 v. (unp.) ; ill.
650 _aChildren's stories-Fiction
999 _c102062
_d102062